000 00490nam a2200181Ia 4500
001 18491
005 20260306171634.0
008 260306s9999||||xx |||||||||||||| ||und||
041 _aESP
082 _a658.406
_bH19L
100 _aHamel, Gary
_eAUT
245 0 _aLo que importa ahora:
_bcómo triunfar en un mundo de cambios implacables, competencia feroz e innovación sin barreras
260 _c2012
300 _a
_c
650 _aGEN
654 _aCAN
942 _cLIB
_dJUS
_fJUS
_2ddc
_n
999 _c18491
_d18491